Normal view
MARC view
- Hafeez R. Hoorani , Arshad Munir , Raza Samar , Salimuddin Zahir
Entry Personal Name
001 - CONTROL NUMBER
- control field: 63213
003 - CONTROL NUMBER IDENTIFIER
- control field: NUST
005 - DATE AND TIME OF LATEST TRANSACTION
- control field: 20210628203059.0
008 - FIXED-LENGTH DATA ELEMENTS
- fixed length control field: 210628|| aca||aabn | a|a d
040 ## - CATALOGING SOURCE
- Original cataloging agency: NUST
- Transcribing agency: NUST
100 ## - HEADING--PERSONAL NAME
- Personal name: Hafeez R. Hoorani , Arshad Munir , Raza Samar , Salimuddin Zahir
670 ## - SOURCE DATA FOUND
- Source citation: Work cat.: (NUST): Hafeez R. Hoorani , Arshad Munir , Raza Samar , Salimuddin Zahir, International bhurban conference on applied sciences and technology , vol-1, 2003
